| 000 | 00479nam a22001697a 4500 | ||
|---|---|---|---|
| 003 | BD-DhUL | ||
| 005 | 20191009110027.0 | ||
| 008 | 191009s1961 pk ||||| |||| 00| 0 urd d | ||
| 040 |
_aBD-DhUL _cBD-DhUL |
||
| 082 |
_a920 _bDAS |
||
| 100 | 3 | _aدار اشکوہ | |
| 245 | 1 | 0 |
_aسفینۃ الاولیا / _cدار اشکوہ |
| 260 |
_aکراچی : _bنضیس اکیڈ یمی، _c۱۹۶۱۔ |
||
| 300 |
_aص۔ ۲۷۲ ؛ _c۲۴ سم۔ |
||
| 650 | 4 | _aBiography | |
| 942 |
_2ddc _cBK |
||
| 999 |
_c250223 _d250223 |
||